书目信息 |
| 题名: |
文选和写作
|
|
| 作者: | 于〓 编 | |
| 分册: | ||
| 出版信息: | 北京 人民教育出版社 1981 |
|
| 页数: | 276页 | |
| 开本: | 19cm | |
| 丛书名: | ||
| 单 册: | ||
| 中图分类: | H1-43 , G634.3 | |
| 科图分类: | ||
| 主题词: | 语文--师范学校--教材 , 教育--各级 | |
| 电子资源: | ||
| ISBN: | ||
| 000 | 00712nam0 2200277 45 | |
| 001 | 0181005583 | |
| 005 | 20060724083939.07 | |
| 010 | @dCNY0.60 | |
| 091 | @aK7012.0258 | |
| 100 | @a19950128d1981 em y0chiy0121 ea | |
| 101 | 0 | @achi |
| 102 | @aCN@b110000 | |
| 105 | @ay z 000yy | |
| 106 | @ar | |
| 200 | 10 | @a文选和写作@Awen xuan he xie zuo@f于〓等编 |
| 210 | @a北京@c人民教育出版社@d1981 | |
| 215 | @a276页@d19cm | |
| 300 | @a中等师范学校语文课本(试用本) | |
| 606 | @a语文@x师范学校@x教材 | |
| 606 | 0 | @a教育@x各级 |
| 690 | @aH1-43@v3 | |
| 690 | @aG634.3 | |
| 701 | 0 | @a于〓@Ayu〓@4编 |
| 801 | 0 | @aCN@b上海图书馆@c20060724 |
| 801 | 2 | @aCN@bNLC@c20040508 |
| 905 | @f5@b99956-960@dG634.3@e168 | |
| 文选和写作/于〓等编.-北京:人民教育出版社,1981 |
| 276页;19cm |
| 中等师范学校语文课本(试用本) |
| ISBN :CNY0.60 |
| ● |
| 相关链接 |
|
|
|
|
正题名:文选和写作
索取号:G634.3/168
 
预约/预借
| 序号 | 登录号 | 条形码 | 馆藏地/架位号 | 状态 | 备注 |
| 1 | 0099956 | 000600638 | 密集书库/ [索取号:G634.3/168] | 在馆 | |
| 2 | 0099957 | 000600585 | 密集书库/ [索取号:G634.3/168] | 在馆 | |
| 3 | 0099958 | 000600594 | 密集书库/ [索取号:G634.3/168] | 在馆 | |
| 4 | 0099959 | 000600576 | 密集书库/ [索取号:G634.3/168] | 在馆 | |
| 5 | 0099960 | 000600647 | 第一样本阅览室/ [索取号:G634.3/168] | 在馆 |